| 000 | 00859cab a22002295a 4500 | ||
|---|---|---|---|
| 001 | L159986 | ||
| 008 | 150113e2016 xxk 000 0 eng d | ||
| 035 | _a(Sirsi) u159986 | ||
| 041 | 0 | _aeng | |
| 050 | _a725.54 $2 18 | ||
| 100 | 1 | _aStreets, Ian | |
| 245 | 0 | 0 |
_aDon't multiply your problems _h[electronic resource] |
| 260 |
_aLondon _bRICS _c2016 |
||
| 490 |
_aRICS Building Surveying Journal _vOctober 2016 - November 2016, 19(1) |
||
| 520 | _aCounts the cost of defective design. | ||
| 650 | 2 | 4 | _aINCLUSIVE DESIGN |
| 650 | 2 | 4 | _aDISABLED PEOPLE |
| 650 | 2 | 4 | _aMANAGEMENT-BUSINESS MANAGEMENT-DISCRIMINATION-DISABILITY DISCRIMINATION-ACCESSIBILITY |
| 690 | _aBUILT ENVIRONMENT-CONSTRUCTION DESIGN | ||
| 856 | 4 | 0 |
_uhttps://www.rics.org/Global/BSJ-BCJ%20Oct%20Nov%202016%20Interactive.pdf _zView the article free of charge at www.rics.org... |
| 942 | _n0 | ||
| 999 |
_c85103 _d85103 |
||